00775pam a2200205 a 4500020001500000040000800015082002600023100002000049245007700069250001200146260005100158300004800209650001500257700002200272856006200294856005400356942000700410999001700417952013500434 a0801665582 cDLC00a540 BRO 1997 A032 Or.1 aSevenair, John.10aIntroductory chemistry :binvestigating the molecular nature of matter / a1st ed. aDubuque, IA :bWm.C. Brown Publishers,cc1997. axxiii, 788 p. :bill. (some col.) ;c26 cm. 0aChemistry.1 aBurkett, Allan R.42uhttp://www.loc.gov/catdir/description/mh022/96038217.html41uhttp://www.loc.gov/catdir/toc/mh022/96038217.html cEK c11812d11812 0010406540_000000000000000_BRO_1997_A035_OR70960549aLBAbLBAcA035d2017-08-07o540 BRO 1997 A035 Or.pA17817r2017-08-07yEK